[Event "Catanzaro Province-ch"]
[Site "Catanzaro"]
[Date "2013.01.18"]
[Round "1"]
[White "Bellisario, Carlo"]
[Black "Rotunno, Giuseppe"]
[Result "0-1"]
[WhiteElo "1589"]
[BlackElo "2024"]
[PlyCount "56"]
[EventDate "2013.01.18"]
[EventType "swiss"]
[EventRounds "5"]
[EventCountry "ITA"]
[SourceTitle "EXT 2014"]
[Source "ChessBase"]
[SourceDate "2013.11.20"]
[SourceVersion "1"]
[SourceVersionDate "2013.11.20"]
[SourceQuality "1"]

1. c4 e6 2. Nc3 d5 3. cxd5 exd5 4. d4 Nf6 5. Nf3 Be7 6. g3 0-0 7. Bg2 b6 8. 0-0 Bb7 9. Bg5 Nbd7 10. Rc1 a6 11. a3 Ne4 12. Bxe7 Qxe7 13. Nd2 Ndf6 14. e3 Rac8 15. Qc2 c5 16. Ndxe4 dxe4 17. dxc5 Rxc5 18. Qb3 b5 19. Ne2 Bd5 20. Qb4 Bc4 21. Rfe1 Nd5 22. Qa5 b4 23. Qa4 Rcc8 24. Nd4 Qb7 25. Bxe4 Qe7 26. Bxd5 Bxd5 27. Qxa6 Rxc1 28. Rxc1 Qe4 0-1

[Event "Palmi op 5th"]
[Site "Palmi"]
[Date "2012.01.05"]
[Round "7"]
[White "Rotunno, Giuseppe"]
[Black "Stella, Andrea"]
[Result "0-1"]
[WhiteElo "2026"]
[BlackElo "2442"]
[PlyCount "90"]
[EventDate "2012.01.02"]
[EventType "swiss"]
[EventRounds "9"]
[EventCountry "ITA"]
[SourceTitle "CBM 146 Extra"]
[Source "ChessBase"]
[SourceDate "2012.02.29"]
[SourceVersion "1"]
[SourceVersionDate "2012.02.29"]
[SourceQuality "1"]

1. d4 Nf6 2. Nf3 g6 3. g3 Bg7 4. Bg2 0-0 5. 0-0 d5 6. c3 Nbd7 7. Bf4 b6 8. Ne5 Bb7 9. Nd2 c5 10. f3 Re8 11. e4 cxd4 12. cxd4 Nh5 13. Nb3 Nxe5 14. dxe5 e6 15. Nd4 Nxf4 16. gxf4 Qh4 17. Ne2 Ba6 18. Qe1 Qh6 19. Rf2 Bxe2 20. Rxe2 Qxf4 21. exd5 exd5 22. e6 Bd4+ 23. Kh1 fxe6 24. Rxe6 Be5 25. Rxe8+ Rxe8 26. Qg3 Qxg3 27. hxg3 Bxg3 28. Bf1 d4 29. Kg2 Bf4 30. Rd1 Be3 31. Bc4+ Kg7 32. a4 Re5 33. b3 Rg5+ 34. Kf1 Rg1+ 35. Ke2 Rxd1 36. Kxd1 Kf6 37. Ke2 h5 38. Kf1 h4 39. Kg2 Ke5 40. b4 Kf4 41. Bd3 g5 42. a5 bxa5 43. bxa5 Bd2 44. a6 Ke3 45. Be4 Ba5 0-1

[Event "Amantea op-A 9th"]
[Site "Amantea"]
[Date "2011.09.09"]
[Round "7"]
[White "Rotunno, Giuseppe"]
[Black "Schaefer, Heiko"]
[Result "1/2-1/2"]
[WhiteElo "2037"]
[BlackElo "2083"]
[PlyCount "50"]
[EventDate "2011.09.04"]
[EventType "swiss"]
[EventRounds "9"]
[EventCountry "ITA"]
[SourceTitle "CBM 144 Extra"]
[Source "ChessBase"]
[SourceDate "2011.10.28"]
[SourceVersion "1"]
[SourceVersionDate "2011.10.28"]
[SourceQuality "1"]

1. d4 d5 2. Nf3 e6 3. g3 f5 4. Bg2 Nf6 5. 0-0 Bd6 6. b3 Qe7 7. Bb2 0-0 8. Nbd2 Nbd7 9. c4 c6 10. Ne5 Ne4 11. f3 Nxe5 12. Nxe4 fxe4 13. dxe5 Bc5+ 14. Bd4 dxc4 15. bxc4 b6 16. e3 exf3 17. Rxf3 Rd8 18. Rf4 Bb7 19. Qg4 Re8 20. Be4 Bxd4 21. exd4 c5 22. Bxh7+ Kxh7 23. Qh3+ Kg8 24. Rh4 Qg5 25. Rf1 Qe3+ 1/2-1/2

[Event "Amantea op-A 9th"]
[Site "Amantea"]
[Date "2011.09.08"]
[Round "6"]
[White "Rotelli, Pietro"]
[Black "Rotunno, Giuseppe"]
[Result "0-1"]
[WhiteElo "1918"]
[BlackElo "2037"]
[PlyCount "67"]
[EventDate "2011.09.04"]
[EventType "swiss"]
[EventRounds "9"]
[EventCountry "ITA"]
[SourceTitle "CBM 144 Extra"]
[Source "ChessBase"]
[SourceDate "2011.10.28"]
[SourceVersion "1"]
[SourceVersionDate "2011.10.28"]
[SourceQuality "1"]

1. d4 d5 2. c4 c6 3. Nc3 Nf6 4. Nf3 e6 5. e3 Nbd7 6. Bd3 Be7 7. 0-0 dxc4 8. Bxc4 b5 9. Bd3 Bb7 10. b3 0-0 11. Bb2 Rc8 12. Qe2 b4 13. Na4 c5 14. dxc5 Nxc5 15. Nxc5 Rxc5 16. Bd4 Rh5 17. Bxf6 Bxf6 18. Rad1 Qc7 19. g3 g6 20. e4 Bc3 21. Qe3 Ra5 22. Qh6 Rh5 23. Qe3 Qa5 24. g4 Rc5 25. Rc1 Rfc8 26. Rc2 Qc7 27. Rfc1 Rd8 28. Bc4 h5 29. h3 Kg7 30. Re2 a5 31. g5 a4 32. Rxc3 bxc3 33. Qxc3+ Kh7 34. Qf6 0-1

[Event "Amantea op-A 9th"]
[Site "Amantea"]
[Date "2011.09.05"]
[Round "2"]
[White "Rotunno, Giuseppe"]
[Black "Sarro, Emilio"]
[Result "1-0"]
[WhiteElo "2037"]
[BlackElo "1979"]
[PlyCount "73"]
[EventDate "2011.09.04"]
[EventType "swiss"]
[EventRounds "9"]
[EventCountry "ITA"]
[SourceTitle "CBM 144 Extra"]
[Source "ChessBase"]
[SourceDate "2011.10.28"]
[SourceVersion "1"]
[SourceVersionDate "2011.10.28"]
[SourceQuality "1"]

1. d4 Nf6 2. Nf3 b6 3. g3 Bb7 4. Bg2 e6 5. 0-0 Be7 6. c4 0-0 7. b3 d5 8. Bb2 Nbd7 9. Nbd2 Rc8 10. Ne5 Nxe5 11. dxe5 Nd7 12. e4 dxe4 13. Nxe4 Bxe4 14. Bxe4 c6 15. Qe2 Qc7 16. Bc2 g6 17. h4 Rfd8 18. h5 Bf8 19. hxg6 hxg6 20. Rad1 Bg7 21. f4 Nf8 22. c5 Nh7 23. b4 Bf8 24. Rd6 bxc5 25. bxc5 Qa5 26. Qc4 Qb5 27. Qd4 Be7 28. Bd3 Qa5 29. Bc3 Qc7 30. Qa4 Bxd6 31. exd6 Qd7 32. Kg2 f6 33. Bxg6 Qg7 34. f5 exf5 35. Bxf5 Rb8 36. Qc4+ Kh8 37. Rh1 1-0

[Event "Amantea op-A 9th"]
[Site "Amantea"]
[Date "2011.09.04"]
[Round "1"]
[White "Levin, Felix"]
[Black "Rotunno, Giuseppe"]
[Result "1-0"]
[WhiteElo "2482"]
[BlackElo "2037"]
[PlyCount "65"]
[EventDate "2011.09.04"]
[EventType "swiss"]
[EventRounds "9"]
[EventCountry "ITA"]
[SourceTitle "CBM 144 Extra"]
[Source "ChessBase"]
[SourceDate "2011.10.28"]
[SourceVersion "1"]
[SourceVersionDate "2011.10.28"]
[SourceQuality "1"]

1. d4 d5 2. c4 c6 3. Nf3 Nf6 4. Qc2 e6 5. e3 Be7 6. Nc3 0-0 7. b3 b6 8. Be2 Bb7 9. 0-0 Nbd7 10. Rd1 Rc8 11. e4 dxe4 12. Nxe4 Nxe4 13. Qxe4 Nf6 14. Qc2 Qc7 15. c5 bxc5 16. dxc5 Nd5 17. a3 Bf6 18. Bb2 e5 19. Nd2 Rcd8 20. Nc4 Ba6 21. Nd6 Bxe2 22. Qxe2 Rd7 23. g3 Re7 24. b4 e4 25. Nf5 Re6 26. Bxf6 Rxf6 27. Qxe4 Nc3 28. Qe7 Qb8 29. Rd3 Re8 30. Qd7 Nd5 31. Nd6 Re2 32. Rf1 Ne7 33. Ne4 1-0

[Event "St Eufemia d'Aspromonte op 4th"]
[Site "St Eufemia d'Aspromonte"]
[Date "2011.01.06"]
[Round "9"]
[White "Rotunno, Giuseppe"]
[Black "Pisacane, Pietro"]
[Result "1/2-1/2"]
[WhiteElo "2062"]
[BlackElo "1920"]
[PlyCount "133"]
[EventDate "2011.01.02"]
[EventType "swiss"]
[EventRounds "9"]
[EventCountry "ITA"]
[SourceTitle "CBM 140 Extra"]
[Source "ChessBase"]
[SourceDate "2011.03.01"]
[SourceVersion "1"]
[SourceVersionDate "2011.03.01"]
[SourceQuality "1"]

1. d4 Nf6 2. c4 g6 3. Nc3 Bg7 4. e4 d6 5. f3 Nbd7 6. Be3 c5 7. d5 Ne5 8. Qd2 0-0 9. Bh6 a6 10. g4 e6 11. h4 exd5 12. Bxg7 Kxg7 13. cxd5 Re8 14. Be2 h5 15. 0-0-0 b5 16. gxh5 Nxh5 17. f4 Ng4 18. f5 gxf5 19. exf5 Bxf5 20. Rf1 Bd7 21. Nh3 f5 22. Rfg1 Qe7 23. Ng5 Qe3 24. Ne6+ Rxe6 25. dxe6 Qxd2+ 26. Kxd2 Bxe6 27. Bf3 d5 28. Re1 Bf7 29. Re7 Nhf6 30. Kc1 Rd8 31. h5 Rd6 32. h6+ Nxh6 33. Rxh6 Kxh6 34. Rxf7 Kg5 35. Ne2 Ne4 36. Rg7+ Kf6 37. Rc7 c4 38. Rc8 d4 39. Rf8+ Kg6 40. Rg8+ Kf6 41. Bh5 d3 42. Nc3 Nxc3 43. bxc3 Ke5 44. a4 Rh6 45. Bd1 Rb6 46. a5 Rh6 47. Rb8 Kd5 48. Bf3+ Ke5 49. Rb6 Rh2 50. Bd1 Ra2 51. Rxa6 b4 52. cxb4 c3 53. Kb1 Rb2+ 54. Ka1 Rxb4 55. Rc6 Kd4 56. a6 Rb5 57. Rf6 Ra5+ 58. Kb1 Ke3 59. Bc2 Kd2 60. Bxd3 Kxd3 61. Rd6+ Ke2 62. Kc2 Re5 63. Kxc3 f4 64. Kb4 Re8 65. Kb5 f3 66. Rf6 f2 67. a7 1/2-1/2

[Event "St Eufemia d'Aspromonte op 4th"]
[Site "St Eufemia d'Aspromonte"]
[Date "2011.01.05"]
[Round "7"]
[White "Rotunno, Giuseppe"]
[Black "Rombaldoni, Axel"]
[Result "0-1"]
[WhiteElo "2062"]
[BlackElo "2453"]
[PlyCount "146"]
[EventDate "2011.01.02"]
[EventType "swiss"]
[EventRounds "9"]
[EventCountry "ITA"]
[SourceTitle "CBM 140 Extra"]
[Source "ChessBase"]
[SourceDate "2011.03.01"]
[SourceVersion "1"]
[SourceVersionDate "2011.03.01"]
[SourceQuality "1"]

1. d4 Nf6 2. c4 g6 3. Nc3 d5 4. e3 Bg7 5. Nf3 0-0 6. h3 a6 7. a3 dxc4 8. Bxc4 b5 9. Be2 Bb7 10. 0-0 c5 11. dxc5 Nbd7 12. c6 Bxc6 13. Nd4 Bb7 14. Bf3 Bxf3 15. Qxf3 Ne5 16. Qe2 Rc8 17. Rd1 Qb6 18. Bd2 Nc4 19. Be1 Rfd8 20. Nf3 Rxd1 21. Rxd1 e6 22. Rc1 Nd6 23. Rc2 h6 24. Nd1 Rxc2 25. Qxc2 Nfe4 26. Nd2 Qc5 27. Qd3 Qc1 28. Qb1 Qxb1 29. Nxb1 Nc4 30. b4 f5 31. f3 Ned6 32. Kf2 Kf7 33. Ndc3 Nb6 34. Ke2 g5 35. g4 Ndc4 36. f4 Kg6 37. Kf3 Nb2 38. Ne2 Nd5 39. Nec3 Nb6 40. Ne2 Nd5 41. Nec3 Nf6 42. Bd2 gxf4 43. exf4 Nc4 44. Bc1 Nd7 45. gxf5+ Kxf5 46. Ne2 e5 47. Ng3+ Ke6 48. fxe5 Ndxe5+ 49. Ke2 Nc6 50. Nh5 Bf8 51. Nf4+ Kd6 52. Nd3 Nd4+ 53. Kf2 Nb3 54. Be3 Nxe3 55. Kxe3 Kd5 56. Nd2 Nxd2 57. Kxd2 Kc4 58. Kc2 Bd6 59. Nb2+ Kd4 60. Nd3 h5 61. Kd2 Ke4 62. Ke2 Be7 63. Ne1 Kd4 64. Nd3 Kc4 65. Ke3 h4 66. Ke4 Bd6 67. Ke3 Bc7 68. Nc5 Bb6 69. Kf4 Bxc5 70. bxc5 Kxc5 71. Kg4 a5 72. Kxh4 b4 73. axb4+ axb4 0-1

[Event "Amantea op-A 7th"]
[Site "Amantea"]
[Date "2009.09.01"]
[Round "3"]
[White "Rotunno, Giuseppe"]
[Black "De Rosa, Mariagrazia"]
[Result "1-0"]
[WhiteElo "1973"]
[BlackElo "2124"]
[PlyCount "121"]
[EventDate "2009.08.31"]
[EventType "swiss"]
[EventRounds "9"]
[EventCountry "ITA"]
[SourceTitle "CBM 132 Extra"]
[Source "ChessBase"]
[SourceDate "2009.11.03"]
[SourceVersion "1"]
[SourceVersionDate "2009.11.03"]
[SourceQuality "1"]

1. d4 d5 2. Nf3 Nf6 3. e3 Bf5 4. Bd3 Bg4 5. Nbd2 Nbd7 6. 0-0 e6 7. b3 Bd6 8. Bb2 c6 9. c4 0-0 10. Qc2 Qb8 11. Qc3 b5 12. Qc2 Bh5 13. Rfe1 a5 14. Rac1 bxc4 15. bxc4 dxc4 16. Bxc4 Bb4 17. Bc3 Bxc3 18. Qxc3 Rc8 19. e4 c5 20. a4 Nb6 21. Bb5 cxd4 22. Qxd4 Qb7 23. Ne5 Rd8 24. Qe3 Rac8 25. Nc6 Rd6 26. Nxa5 Qa8 27. Ndc4 Nxc4 28. Nxc4 Rdd8 29. Nb6 Rxc1 30. Nxa8 Rxe1+ 31. Qxe1 Rd1 32. Qxd1 Bxd1 33. f3 Kf8 34. a5 Ne8 35. a6 Nd6 36. Nc7 Nc8 37. Bd7 Na7 38. Nb5 Ba4 39. Nxa7 Bxd7 40. Kf2 Ke7 41. Ke3 Kd6 42. Kd4 e5+ 43. Kc4 f5 44. Nb5+ Kc6 45. a7 Kb7 46. Nd6+ Kxa7 47. Nxf5 g6 48. Ne7 Kb7 49. Kd5 Kc7 50. Kxe5 Bb5 51. g3 Be2 52. f4 Kd7 53. Kf6 Bd3 54. e5 Bc4 55. f5 gxf5 56. Nxf5 Bd5 57. g4 Be6 58. g5 Bd5 59. Nd4 Ke8 60. e6 Be4 61. Nf5 1-0

[Event "Bagnara Calabra op-A"]
[Site "Bagnara Calabra"]
[Date "2009.01.05"]
[Round "5"]
[White "Rotunno, Giuseppe"]
[Black "Rametta, Marcello"]
[Result "1/2-1/2"]
[WhiteElo "1949"]
[BlackElo "1717"]
[PlyCount "86"]
[EventDate "2009.01.02"]
[EventType "swiss"]
[EventRounds "7"]
[EventCountry "ITA"]
[SourceTitle "CBM 128 Extra"]
[Source "ChessBase"]
[SourceDate "2009.03.05"]
[SourceVersion "2"]
[SourceVersionDate "2009.03.25"]
[SourceQuality "1"]

1. d4 d5 2. Nf3 g6 3. b3 Bg7 4. Bb2 Nf6 5. e3 a6 6. c4 c6 7. Nbd2 0-0 8. Bd3 Nbd7 9. 0-0 b6 10. Rc1 Bb7 11. Re1 c5 12. cxd5 Nxd5 13. Nc4 Nb4 14. Bb1 b5 15. Nce5 cxd4 16. exd4 Rc8 17. Rxc8 Qxc8 18. Qd2 Nxe5 19. Nxe5 Nd5 20. Rc1 Qe6 21. Nd3 Qg4 22. h3 Qh5 23. Rc5 Bh6 24. Qe1 e6 25. Bc1 Qh4 26. Bxh6 Qxh6 27. Ne5 Qh4 28. Be4 Rd8 29. Nf3 Qe7 30. Qc1 f6 31. a4 bxa4 32. bxa4 Rd7 33. a5 Nc3 34. Bd3 Ne4 35. Rc2 Kg7 36. Qe3 Nd6 37. Qe2 Nf5 38. Rc1 Qa3 39. Rb1 Bxf3 40. Qxf3 Nxd4 41. Qe4 Qxa5 42. Qa8 Qd2 43. Bxa6 Ne2+ 1/2-1/2

[Event "Bagnara Calabra op-A"]
[Site "Bagnara Calabra"]
[Date "2009.01.04"]
[Round "4"]
[White "Collutiis, Duilio"]
[Black "Rotunno, Giuseppe"]
[Result "1-0"]
[WhiteElo "2443"]
[BlackElo "1949"]
[PlyCount "75"]
[EventDate "2009.01.02"]
[EventType "swiss"]
[EventRounds "7"]
[EventCountry "ITA"]
[SourceTitle "CBM 128 Extra"]
[Source "ChessBase"]
[SourceDate "2009.03.05"]
[SourceVersion "2"]
[SourceVersionDate "2009.03.25"]
[SourceQuality "1"]

1. e4 d6 2. d4 g6 3. Nc3 Bg7 4. Be3 Nf6 5. Nf3 0-0 6. Qd2 c6 7. Bh6 Qa5 8. Bd3 e5 9. h3 Na6 10. 0-0 Nc7 11. a3 Ne6 12. b4 Qc7 13. Ne2 Nxd4 14. Nfxd4 exd4 15. Bxg7 Kxg7 16. Nxd4 Re8 17. Rfe1 a6 18. Qc3 Qd8 19. Rad1 Kg8 20. Nf3 Be6 21. Bf1 Qe7 22. Nd4 Nd7 23. Qg3 d5 24. exd5 cxd5 25. c4 Qf6 26. Qc7 Nf8 27. Qxb7 Reb8 28. Qc7 Rc8 29. Qd6 dxc4 30. Nc6 Kg7 31. Rc1 Qg5 32. Re3 Bd5 33. Re5 Qd2 34. Rxc4 Bxc4 35. Qxd2 Rxc6 36. Qd4 f6 37. Re7+ Bf7 38. Rxf7+ 1-0